| 000 | 01963nam0a2200325 4500 | ||
|---|---|---|---|
| 001 | v19\rc\1428425 | ||
| 005 | 20260406162449.0 | ||
| 035 | _a(NLR Aleph) 005225237 | ||
| 090 |
_a5547379 _c5547379 |
||
| 100 | _a20060620d1861 |||y0rusy50 ca | ||
| 101 | 0 | _arus | |
| 102 | _aRU | ||
| 105 | _ay z ||||| | ||
| 200 | 1 |
_aО значении критических трудов Константина Аксакова по русской истории _fнаписано для произнесения на акте Императорского С.-Петербургского университетата в 1861 г., исправляющим должность ординарного профессора по Кафедре русской истории Н. Костомаровым |
|
| 210 |
_aСанкт-Петербург _cв Типографии Николая Тиблена и комп. _d1861 |
||
| 215 |
_a31 с. _d24 |
||
| 300 | _aОтт. из изд.: Годичный торжественный акт в Императорском Санктпетербургском университете, бывший 8 февраля 1861 г. СПб., 18561 | ||
| 316 |
_aЭкз. РНБ с автогр. авт. _5NLR: 18.8.1.15 |
||
| 412 | 0 |
_1001v19\rc\1324448 _95346913 _cБ. м. _d1861 _pVI, 161 с. _tГодичный акт. - бывший 8 февраля 1861 года |
|
| 700 | 1 |
_8rus _7ca _aКостомаров _bН. И. _cисторик _f1817-1885 _gНиколай Иванович _3RU\NLR\AUTH\779376 _9119208 |
|
| 702 | 1 |
_4100 _8rus _7ca _aАксаков _bК. С. _f1817-1860 _gКонстантин Сергеевич _3RU\NLR\AUTH\7739750 _922723 |
|
| 801 | 2 |
_aRU _bNLR _c20080121 _2rusmarc |
|
| 801 | 0 |
_aRU _bNLR _c20060620 _gpsbo |
|
| 801 | 0 |
_aRU _bRuMoRGB _c20060620 _2psbo |
|
| 801 | 1 |
_aRU _bProSoft-M _c20060620 _2rusmarc |
|
| 852 |
_aNLR _j18.8.1.15 |
||
| 852 |
_aNLR _bМф _jК-1/3661 |
||
| 942 | _cBOOK | ||
| 980 | _aNB | ||